[Event "Poronin Tatra Limba op"]
[Site "Poronin"]
[Date "2021.05.24"]
[Round "4"]
[White "Meers, Hubert"]
[Black "Klim, Filip"]
[Result "1/2-1/2"]
[WhiteElo "1997"]
[BlackElo "1828"]
[PlyCount "56"]
[EventDate "2021.05.22"]
[EventType "swiss"]
[EventRounds "9"]
[EventCountry "POL"]
[SourceTitle "EXT 2022"]
[Source "ChessBase"]
[SourceDate "2021.10.06"]
[SourceVersion "1"]
[SourceVersionDate "2021.10.06"]
[SourceQuality "1"]

1. e4 e5 2. Nf3 Nc6 3. Nc3 Nf6 4. Bb5 Nd4 5. Bc4 Nxf3+ 6. Qxf3 Bc5 7. d3 d6 8. h3 Be6 9. Bxe6 fxe6 10. Be3 Bxe3 11. Qxe3 0-0 12. 0-0-0 c5 13. g4 a6 14. Ne2 Qe8 15. Kb1 Qf7 16. Rhf1 Nd7 17. f4 exf4 18. Rxf4 Qe7 19. c3 Rxf4 20. Qxf4 Rf8 21. Qg3 e5 22. g5 Qf7 23. Qg4 g6 24. Kc2 Nb6 25. c4 Qd7 26. Qxd7 Nxd7 27. Rg1 Rf3 28. Rg3 Rxg3 1/2-1/2

[Event "Poronin Tatra Limba op"]
[Site "Poronin"]
[Date "2021.05.23"]
[Round "2"]
[White "Malaczek, Mateusz"]
[Black "Klim, Filip"]
[Result "0-1"]
[WhiteElo "2043"]
[BlackElo "1828"]
[PlyCount "60"]
[EventDate "2021.05.22"]
[EventType "swiss"]
[EventRounds "9"]
[EventCountry "POL"]
[SourceTitle "EXT 2022"]
[Source "ChessBase"]
[SourceDate "2021.10.06"]
[SourceVersion "1"]
[SourceVersionDate "2021.10.06"]
[SourceQuality "1"]

1. c4 e6 2. g3 d5 3. Nf3 Nf6 4. d4 dxc4 5. Bg2 a6 6. 0-0 Nc6 7. Nc3 Bb4 8. Qc2 0-0 9. Rd1 Rb8 10. e4 Bxc3 11. bxc3 h6 12. Bf4 b5 13. d5 exd5 14. exd5 Nxd5 15. Ng5 hxg5 16. Rxd5 Qf6 17. Bxg5 Qe6 18. Bf4 Bb7 19. Rad1 Rbd8 20. Rxd8 Nxd8 21. Bxb7 Nxb7 22. Bxc7 Re8 23. a4 Nc5 24. axb5 axb5 25. Bf4 Nd3 26. Qd2 Qg4 27. Rf1 Re2 28. f3 Qe6 29. Qd1 Kh7 30. Qb1 Qh3 0-1